| 000 | 00986nam a2200253 i 4500 | ||
|---|---|---|---|
| 001 | 99882 | ||
| 003 | ES-MaACL | ||
| 005 | 20251005063102.0 | ||
| 007 | t| | ||
| 008 | 050919s1960 sp af |||| | spa d | ||
| 080 | _a343.97(460) | ||
| 080 | _a946"18/19"(088.3) | ||
| 100 | 1 |
_aMartínez Olmedilla, Augusto, _d1880-1965 _978283 |
|
| 245 | 1 | 0 |
_aCien años y un día / _cA. Martínez Olmedilla ; con 427 ilustraciones y nueve láminas a todo color. |
| 260 |
_aMadrid : _bAguilar, _c1960. |
||
| 300 |
_a336 p. : _bil. col. y n. ; _c31 cm. |
||
| 490 | 1 | _aPanorama de un siglo | |
| 505 | 8 | _aContiene: Magnicidios ; Bandolerismo andaluz ; Delitos contra la propiedad sin efusión de sangre ; Domésticas criminales ; Sucesos político-sociales ; Miscelánea de crímenes | |
| 650 | 4 |
_aCrimen y criminales- _zEspaña. _9160537 |
|
| 650 | 4 |
_aBandolerismo- _zAndalucía. _9155454 |
|
| 830 | 1 |
_aPanorama de un siglo _9183835 |
|
| 852 |
_aES-MaACL _jG-18 |
||
| 999 |
_c99882 _d99882 |
||